[Event "Veneto Province-ch 82nd"]
[Site "Ceregnano"]
[Date "2023.01.27"]
[Round "1.2"]
[White "Simioli, Stefano"]
[Black "Aprile, Martino"]
[Result "0-1"]
[WhiteElo "1443"]
[BlackElo "1978"]
[PlyCount "58"]
[EventDate "2023.01.27"]
[EventType "swiss"]
[EventRounds "5"]
[EventCountry "ITA"]
[SourceTitle "EXT 2024"]
[Source "ChessBase"]
[SourceDate "2023.10.10"]
[SourceVersion "1"]
[SourceVersionDate "2023.10.10"]
[SourceQuality "1"]

1. e4 c6 2. d4 d5 3. Nc3 dxe4 4. Nxe4 Nf6 5. Nxf6+ exf6 6. Bc4 Bd6 7. Ne2 0-0 8. 0-0 Bg4 9. h3 Bh5 10. g4 Bg6 11. Bf4 h6 12. f3 Re8 13. Qd2 b5 14. Bd3 Bxf4 15. Nxf4 Qxd4+ 16. Kg2 Bxd3 17. Nxd3 Na6 18. c3 Qd6 19. Qc2 h5 20. Kg1 Re3 21. Rad1 Rae8 22. Nb4 Nxb4 23. cxb4 Qxb4 24. Qxc6 Qf4 25. Qd6 R8e5 26. Qd2 g5 27. Rc1 Rd5 28. Qg2 Red3 29. Rc8+ Kg7 0-1

[Event "Chioggia op-A 14th"]
[Site "Chioggia"]
[Date "2019.10.05"]
[Round "2"]
[White "Garau, Francesca"]
[Black "Aprile, Martino"]
[Result "1/2-1/2"]
[WhiteElo "1830"]
[BlackElo "1983"]
[PlyCount "83"]
[EventDate "2019.10.04"]
[EventType "swiss"]
[EventRounds "5"]
[EventCountry "ITA"]
[SourceTitle "EXT 2022"]
[Source "ChessBase"]
[SourceDate "2021.10.06"]
[SourceVersion "1"]
[SourceVersionDate "2021.10.06"]
[SourceQuality "1"]

1. e4 d5 2. exd5 Qxd5 3. Nf3 Bg4 4. Be2 e6 5. 0-0 c6 6. d4 Qd6 7. Na3 Nd7 8. c4 Qc7 9. Nc2 Ngf6 10. b4 Be7 11. Bb2 0-0 12. h3 Bh5 13. Ne5 Bg6 14. Nxg6 hxg6 15. Bf3 e5 16. Re1 e4 17. Bxe4 Nb6 18. Bd3 Na4 19. Ba3 Rfd8 20. Qd2 Bf8 21. Rab1 a5 22. Rb3 axb4 23. Bxb4 Bxb4 24. Qxb4 c5 25. Qxb7 Qxb7 26. Rxb7 cxd4 27. Re5 Nd7 28. Rd5 Ndc5 29. Ra7 Rac8 30. Nxd4 Nc3 31. Nc6 Nxd5 32. Nxd8 Rxd8 33. Bc2 Nb4 34. Bb3 Kf8 35. Ra5 Nxb3 36. axb3 Rd1+ 37. Kh2 Rd3 38. Rb5 Rxb3 39. c5 Ke8 40. c6 Ke7 41. Rb7+ Ke6 42. c7 1/2-1/2

[Event "Verona-chT Serie B/5 51st"]
[Site "Verona"]
[Date "2019.03.16"]
[Round "3.4"]
[White "Battagin, Mose"]
[Black "Aprile, Martino"]
[Result "0-1"]
[WhiteElo "1757"]
[BlackElo "1979"]
[PlyCount "74"]
[EventDate "2019.03.15"]
[EventType "team-tourn"]
[EventRounds "5"]
[EventCountry "ITA"]
[SourceTitle "EXT 2022"]
[Source "ChessBase"]
[SourceDate "2021.10.06"]
[SourceVersion "1"]
[SourceVersionDate "2021.10.06"]
[SourceQuality "1"]
[WhiteTeam "Padova Micha Knights"]
[BlackTeam "Clodiense Chioggia II"]
[WhiteTeamCountry "ITA"]
[BlackTeamCountry "ITA"]

1. e4 c6 2. d3 g6 3. Nf3 Bg7 4. g3 d6 5. Bg2 Nf6 6. 0-0 0-0 7. Nc3 e5 8. h3 a5 9. d4 Nbd7 10. dxe5 dxe5 11. a4 Qc7 12. Be3 Rd8 13. Nd2 b6 14. Re1 Ba6 15. Qf3 Nf8 16. Bf1 Bxf1 17. Kxf1 Ne6 18. Ne2 Nd7 19. Nb3 Qd6 20. c3 Ndc5 21. Nxc5 Nxc5 22. Bxc5 Qxc5 23. Rad1 Qc4 24. Qe3 c5 25. Kg1 Qxa4 26. Rd5 Rxd5 27. exd5 Qc2 28. Qc1 Qb3 29. c4 e4 30. Nc3 f5 31. Nd1 Bd4 32. Kh2 a4 33. Re2 b5 34. Rc2 b4 35. Re2 a3 36. bxa3 bxa3 37. Ne3 a2 0-1

[Event "Chioggia op-A 10th"]
[Site "Chioggia"]
[Date "2015.10.11"]
[Round "4"]
[White "Aprile, Martino"]
[Black "Scarsella, Lorenzo Luigi"]
[Result "0-1"]
[WhiteElo "2000"]
[BlackElo "1897"]
[PlyCount "48"]
[EventDate "2015.10.09"]
[EventType "swiss"]
[EventRounds "5"]
[EventCountry "ITA"]
[SourceTitle "EXT 2022"]
[Source "ChessBase"]
[SourceDate "2021.10.06"]
[SourceVersion "1"]
[SourceVersionDate "2021.10.06"]
[SourceQuality "1"]

1. e4 d6 2. d4 Nf6 3. Nc3 g6 4. Bc4 Bg7 5. f4 0-0 6. Nf3 c5 7. dxc5 Qa5 8. e5 dxe5 9. fxe5 Ng4 10. Qe2 Qxc5 11. Bf4 Nc6 12. e6 fxe6 13. Bxe6+ Kh8 14. Ne4 Qb6 15. Bxg4 Bxg4 16. Be3 Qb4+ 17. Bd2 Qxb2 18. 0-0 Qxc2 19. Rab1 Nd4 20. Qe3 Bxf3 21. gxf3 Nxf3+ 22. Kg2 Nh4+ 23. Kh1 Nf5 24. Qh3 Qxe4+ 0-1

[Event "Chioggia op-A 10th"]
[Site "Chioggia"]
[Date "2015.10.10"]
[Round "2"]
[White "Gregori, Giacomo"]
[Black "Aprile, Martino"]
[Result "0-1"]
[WhiteElo "2108"]
[BlackElo "2000"]
[PlyCount "98"]
[EventDate "2015.10.09"]
[EventType "swiss"]
[EventRounds "5"]
[EventCountry "ITA"]
[SourceTitle "EXT 2022"]
[Source "ChessBase"]
[SourceDate "2021.10.06"]
[SourceVersion "1"]
[SourceVersionDate "2021.10.06"]
[SourceQuality "1"]

1. Nf3 Nf6 2. g3 g6 3. Bg2 Bg7 4. c4 c5 5. Nc3 Nc6 6. d4 cxd4 7. Nxd4 0-0 8. 0-0 Nxd4 9. Qxd4 d6 10. Qd3 Rb8 11. Rd1 Be6 12. Be3 a6 13. Nd5 b5 14. Nxf6+ Bxf6 15. cxb5 axb5 16. Bd4 Bc4 17. Qf3 Bxd4 18. Rxd4 Qb6 19. Rdd1 Be6 20. Qf4 Rfc8 21. Be4 Rc4 22. Qf3 Ra4 23. b3 Ra3 24. Qc3 Qa7 25. Rdc1 Rxa2 26. Rxa2 Qxa2 27. Bd3 Qxb3 28. Qxb3 Bxb3 29. Rb1 Ba4 30. Rb4 h5 31. h4 e5 32. e4 Kf8 33. Kf1 Ke7 34. Ke2 Kd7 35. Ke3 Kc6 36. f4 Kb6 37. Rb2 Rc8 38. Kd2 Ka5 39. Be2 b4 40. f5 b3 41. g4 hxg4 42. Bxg4 Rc5 43. f6 Kb4 44. Rb1 Rc2+ 45. Kd3 Bb5+ 46. Ke3 Bc4 47. h5 gxh5 48. Bxh5 b2 49. Bf3 Kc3 0-1

[Event "Padova op-B 15th"]
[Site "Padova"]
[Date "2012.12.23"]
[Round "5"]
[White "Negro, Raffaele"]
[Black "Aprile, Martino"]
[Result "0-1"]
[WhiteElo "1826"]
[BlackElo "1947"]
[PlyCount "90"]
[EventDate "2012.12.15"]
[EventType "swiss"]
[EventRounds "6"]
[EventCountry "ITA"]
[SourceTitle "EXT 2015"]
[Source "ChessBase"]
[SourceDate "2014.11.20"]
[SourceVersion "1"]
[SourceVersionDate "2014.11.20"]
[SourceQuality "1"]

1. d4 Nf6 2. Nf3 g6 3. Nc3 d5 4. Bf4 c6 5. Qd2 a5 6. Bh6 Nbd7 7. Bxf8 Nxf8 8. Ne5 N6d7 9. Nxd7 Bxd7 10. e4 e6 11. e5 c5 12. dxc5 Qc7 13. Nb5 Qxe5+ 14. Qe3 Qxe3+ 15. fxe3 Bxb5 16. Bxb5+ Ke7 17. c6 bxc6 18. Bxc6 Rc8 19. Ba4 Nd7 20. c3 Nb6 21. Bb5 a4 22. Kd2 Rc5 23. Be2 Rhc8 24. Rac1 Nc4+ 25. Bxc4 dxc4 26. Rhf1 f5 27. Rce1 Rb8 28. Kc2 Rcb5 29. Rb1 e5 30. Rfd1 Ke6 31. Rd2 g5 32. h3 h5 33. g3 R5b6 34. Rdd1 Rb5 35. Rd2 g4 36. h4 R5b6 37. Rdd1 Rb5 38. Rd2 a3 39. b3 cxb3+ 40. Rxb3 Rxb3 41. axb3 a2 42. Kb2 Rxb3+ 43. Kxa2 Rxc3 44. Re2 Kd5 45. Kb2 Rd3 0-1

[Event "Chioggia op-A 07th"]
[Site "Chioggia"]
[Date "2012.10.13"]
[Round "3"]
[White "Aprile, Martino"]
[Black "Santolini, Luigi"]
[Result "1/2-1/2"]
[WhiteElo "1920"]
[BlackElo "2157"]
[PlyCount "37"]
[EventDate "2012.10.12"]
[EventType "swiss"]
[EventRounds "5"]
[EventCountry "ITA"]
[SourceTitle "EXT 2014"]
[Source "ChessBase"]
[SourceDate "2013.11.20"]
[SourceVersion "1"]
[SourceVersionDate "2013.11.20"]
[SourceQuality "1"]

1. e4 c5 2. Nc3 e6 3. f4 Nc6 4. Nf3 d6 5. Bb5 Bd7 6. 0-0 a6 7. Bxc6 Bxc6 8. a4 Nf6 9. d3 Be7 10. Qe1 0-0 11. Qg3 b5 12. axb5 axb5 13. Rxa8 Qxa8 14. f5 exf5 15. exf5 Re8 16. Bh6 Bf8 17. Bg5 Be7 18. Bh6 Bf8 19. Bg5 1/2-1/2

[Event "Chioggia op-A 07th"]
[Site "Chioggia"]
[Date "2012.10.12"]
[Round "1"]
[White "Aprile, Martino"]
[Black "Del Monaco, Andrea"]
[Result "0-1"]
[WhiteElo "1920"]
[BlackElo "2275"]
[PlyCount "179"]
[EventDate "2012.10.12"]
[EventType "swiss"]
[EventRounds "5"]
[EventCountry "ITA"]
[SourceTitle "EXT 2014"]
[Source "ChessBase"]
[SourceDate "2013.11.20"]
[SourceVersion "1"]
[SourceVersionDate "2013.11.20"]
[SourceQuality "1"]

1. e4 c5 2. Nc3 g6 3. f4 Bg7 4. Nf3 Nc6 5. Bb5 Nd4 6. 0-0 Nf6 7. a4 0-0 8. d3 d6 9. h3 d5 10. exd5 Nxd5 11. Nxd5 Qxd5 12. Bc4 Qd6 13. Nxd4 Bxd4+ 14. Kh1 Bd7 15. Qe1 Rae8 16. c3 Bg7 17. a5 Qc6 18. Qe4 Qc7 19. Qf3 Bc6 20. Qf2 e6 21. Be3 b6 22. axb6 axb6 23. Ra6 Ra8 24. Rfa1 Rxa6 25. Rxa6 Qb7 26. Ra1 Ra8 27. Rxa8+ Qxa8 28. d4 cxd4 29. Bxd4 Bxd4 30. cxd4 Qa1+ 31. Kh2 Qc1 32. Bb3 b5 33. Kg3 Be4 34. Kh2 h5 35. Kg3 Qc7 36. Qd2 Qd8 37. h4 Qd6 38. Qe3 Qc6 39. Qd2 Kg7 40. Qc3 Bxg2 41. Qxc6 Bxc6 42. Kf2 Kf6 43. Bc2 b4 44. Ke3 Ke7 45. Bd3 Ba4 46. Bc4 Kd6 47. Kd2 Bc6 48. Ke3 Bd5 49. Bb5 Ba2 50. Be8 Ke7 51. Bb5 Bb1 52. Ba4 Kf6 53. Bd1 Bf5 54. Be2 Bc2 55. Bf1 Ke7 56. Kd2 Be4 57. Ke3 Bd5 58. Bb5 Kf6 59. Bf1 Kg7 60. Kf2 f6 61. Kg3 Kh6 62. Be2 g5 63. Bd1 g4 64. Bc2 Kg7 65. Bd3 Bc6 66. Bc4 Bd7 67. Bb3 Kf8 68. Bc2 Ke7 69. Bd3 f5 70. Bc4 Bc6 71. Kf2 Kd6 72. Kg3 Bd5 73. Bb5 Bc6 74. Bc4 Bd7 75. Kf2 Kc6 76. Kg3 Bc8 77. Kf2 Kd6 78. Kg3 Bb7 79. Kf2 Bd5 80. Bb5 Bc6 81. Bc4 Be4 82. Kg3 Bd5 83. Bb5 Bb3 84. Be8 Ke7 85. Bb5 Bd5 86. Kf2 Bb7 87. Kg3 Bc8 88. Kf2 Bd7 89. Bc4 Be8 90. Kg3 0-1

[Event "ITA-ch C"]
[Site "Civitanova Marche"]
[Date "2012.07.17"]
[Round "3"]
[White "Di Mantino, Mauro"]
[Black "Aprile, Martino"]
[Result "1-0"]
[WhiteElo "1962"]
[BlackElo "1925"]
[PlyCount "75"]
[EventDate "2012.07.15"]
[EventType "swiss"]
[EventRounds "8"]
[EventCountry "ITA"]
[SourceTitle "EXT 2023"]
[Source "ChessBase"]
[SourceDate "2022.10.05"]
[SourceVersion "1"]
[SourceVersionDate "2022.10.05"]
[SourceQuality "1"]

1. d4 Nf6 2. Nf3 g6 3. Nc3 d5 4. Bg5 Bg7 5. Qd2 h6 6. Bxf6 exf6 7. g3 c6 8. Bg2 Nd7 9. e4 dxe4 10. Nxe4 0-0 11. 0-0 Nb6 12. Rad1 f5 13. Nc5 Nd7 14. Nxd7 Bxd7 15. Ne5 Be6 16. Qb4 Qc7 17. Rfe1 Rfd8 18. Nxg6 Kh7 19. Nf4 a5 20. Qc3 c5 21. Nxe6 fxe6 22. Rxe6 Bxd4 23. Qf3 Qf7 24. Rde1 Rd7 25. Bh3 Rf8 26. Qf4 Bg7 27. Qh4 b5 28. Bg2 b4 29. Bc6 Rdd8 30. Bf3 Rde8 31. Bd5 Qd7 32. Qh5 Rxe6 33. Bxe6 Qd2 34. Bxf5+ Kh8 35. Re8 Qc1+ 36. Kg2 Qg5 37. Qf7 Qxf5 38. Rxf8+ 1-0

[Event "Cavarzere op 14th"]
[Site "Cavarzere"]
[Date "2011.10.23"]
[Round "5.13"]
[White "Fragni, Enrico"]
[Black "Aprile, Martino"]
[Result "0-1"]
[WhiteElo "1720"]
[BlackElo "1847"]
[PlyCount "84"]
[EventDate "2011.10.15"]
[EventType "swiss"]
[EventRounds "6"]
[EventCountry "ITA"]
[SourceTitle "EXT 2023"]
[Source "ChessBase"]
[SourceDate "2022.10.05"]
[SourceVersion "1"]
[SourceVersionDate "2022.10.05"]
[SourceQuality "1"]

1. Nf3 c5 2. c4 Nc6 3. Nc3 Nf6 4. d3 e6 5. Bd2 d5 6. cxd5 exd5 7. e3 a6 8. a3 b5 9. Be2 Bd6 10. h3 Bc7 11. d4 cxd4 12. exd4 0-0 13. 0-0 Qd6 14. Be3 Ne4 15. Qc2 Bf5 16. Bd3 Rfe8 17. Ne2 g5 18. Rfc1 Bd7 19. Kf1 h6 20. Bxe4 dxe4 21. Ne5 Rxe5 22. dxe5 Qxe5 23. Ng3 f5 24. Ne2 f4 25. Bd2 Rf8 26. Bc3 Qf5 27. f3 exf3 28. Ng1 fxg2+ 29. Qxg2 Qd3+ 30. Qe2 Bxh3+ 31. Nxh3 Qxh3+ 32. Qg2 Qxg2+ 33. Kxg2 f3+ 34. Kf1 Bf4 35. Rc2 g4 36. Re1 g3 37. Re4 g2+ 38. Kg1 Bb8 39. Rg4+ Kf7 40. Rg7+ Ke6 41. Rg6+ Kd7 42. Rxc6 Ba7+ 0-1

[Event "Cavarzere op 14th"]
[Site "Cavarzere"]
[Date "2011.10.22"]
[Round "4.5"]
[White "Aprile, Martino"]
[Black "Boscolo Meneguolo, Federico"]
[Result "0-1"]
[WhiteElo "1847"]
[BlackElo "2225"]
[PlyCount "120"]
[EventDate "2011.10.15"]
[EventType "swiss"]
[EventRounds "6"]
[EventCountry "ITA"]
[SourceTitle "EXT 2023"]
[Source "ChessBase"]
[SourceDate "2022.10.05"]
[SourceVersion "1"]
[SourceVersionDate "2022.10.05"]
[SourceQuality "1"]

1. e4 g6 2. d4 Bg7 3. c3 d6 4. Nf3 c6 5. Bc4 Nf6 6. Qe2 0-0 7. Bg5 d5 8. exd5 cxd5 9. Bd3 Qb6 10. 0-0 Nc6 11. a4 Bg4 12. b4 Rfe8 13. h3 Bh5 14. g4 Nxg4 15. hxg4 Bxg4 16. b5 Nxd4 17. cxd4 Bxd4 18. Be3 Bxe3 19. Qxe3 Qf6 20. Nbd2 e5 21. Be2 e4 22. Nh2 Bxe2 23. Qxe2 Re5 24. Ra3 Rc8 25. Rg3 Qg7 26. Ng4 Ree8 27. Ne3 Red8 28. f3 Kh8 29. fxe4 dxe4 30. Nxe4 Qe5 31. Qf3 Rc7 32. Qf6+ Qxf6 33. Nxf6 Rc3 34. Nfd5 Rxd5 35. Nxd5 Rxg3+ 36. Kh2 Rd3 37. Nc7 Kg7 38. Rf4 f5 39. Rc4 Kf6 40. a5 g5 41. b6 axb6 42. axb6 Rb3 43. Rc5 g4 44. Nd5+ Kg5 45. Rc7 Rb2+ 46. Kg1 Rb5 47. Rxb7 Rxd5 48. Rxh7 Rb5 49. b7 Rb2 50. Rc7 Kf4 51. Rc4+ Kg3 52. Rc3+ Kh4 53. Rc5 f4 54. Rc7 Kg3 55. Rc3+ f3 56. b8Q+ Rxb8 57. Rc1 Rb2 58. Rd1 Rg2+ 59. Kh1 Rh2+ 60. Kg1 f2+ 0-1

[Event "Chioggia op-B 06th"]
[Site "Chioggia"]
[Date "2011.10.09"]
[Round "4"]
[White "Chiesa, Roberto"]
[Black "Aprile, Martino"]
[Result "1/2-1/2"]
[WhiteElo "1813"]
[BlackElo "1847"]
[PlyCount "32"]
[EventDate "2011.10.07"]
[EventType "swiss"]
[EventRounds "5"]
[EventCountry "ITA"]
[SourceTitle "EXT 2022"]
[Source "ChessBase"]
[SourceDate "2021.10.06"]
[SourceVersion "1"]
[SourceVersionDate "2021.10.06"]
[SourceQuality "1"]

1. d4 Nf6 2. c4 e6 3. Nf3 b6 4. a3 Bb7 5. Nc3 c5 6. d5 exd5 7. cxd5 Ba6 8. g3 d6 9. Bg2 Be7 10. 0-0 0-0 11. Re1 Nbd7 12. e4 Rb8 13. Bf4 Nh5 14. Be3 Nhf6 15. Qc2 Qc8 16. a4 Bb7 1/2-1/2

[Event "Chioggia op-B 06th"]
[Site "Chioggia"]
[Date "2011.10.08"]
[Round "2"]
[White "Fragni, Enrico"]
[Black "Aprile, Martino"]
[Result "0-1"]
[WhiteElo "1720"]
[BlackElo "1847"]
[PlyCount "122"]
[EventDate "2011.10.07"]
[EventType "swiss"]
[EventRounds "5"]
[EventCountry "ITA"]
[SourceTitle "EXT 2022"]
[Source "ChessBase"]
[SourceDate "2021.10.06"]
[SourceVersion "1"]
[SourceVersionDate "2021.10.06"]
[SourceQuality "1"]

1. g3 c5 2. Bg2 d5 3. c4 d4 4. d3 e5 5. e4 Nc6 6. Nd2 Bd7 7. Ne2 Nb4 8. Nf3 Qa5 9. 0-0 Bd6 10. Qd2 Qd8 11. a3 Nc6 12. Qg5 Be7 13. Qd2 a6 14. b3 h6 15. h3 Qc8 16. Kh2 Nf6 17. Nfg1 Bd6 18. f4 Qc7 19. f5 0-0-0 20. Qe1 Rdf8 21. Bd2 g6 22. b4 Ne7 23. g4 gxf5 24. bxc5 Bxc5 25. Kh1 f4 26. Rb1 Bc6 27. Bb4 Qd6 28. Nf3 Nd7 29. Qf2 Rfg8 30. Nh4 h5 31. Bf3 hxg4 32. Bxg4 Rxg4 33. hxg4 Ng6 34. Kg1 Rxh4 35. Qg2 Nf6 36. Kf2 Nxg4+ 37. Ke1 Ne3 38. Qg5 Nxf1 39. Kxf1 f3 40. Qf5+ Qd7 41. Qxf3 Bxb4 42. axb4 Qh3+ 43. Qxh3+ Rxh3 44. b5 Bd7 45. bxa6 bxa6 46. Nc1 Nf4 47. Kg1 Re3 48. Kf2 Nxd3+ 49. Nxd3 Rxd3 50. Rb6 a5 51. Ra6 a4 52. Ra5 a3 53. Ke2 Rb3 54. Kd2 Rb4 55. Rxa3 Rxc4 56. Ra8+ Kb7 57. Ra5 f6 58. Ra2 Bc6 59. Rb2+ Kc7 60. Kd3 Rc3+ 61. Ke2 Bxe4 0-1

[Event "Venice Province-ch 71st"]
[Site "Venice Mestre"]
[Date "2011.01.14"]
[Round "1"]
[White "Aprile, Martino"]
[Black "Bellon, Antonio"]
[Result "1-0"]
[WhiteElo "1874"]
[BlackElo "1533"]
[PlyCount "135"]
[EventDate "2011.01.14"]
[EventType "swiss"]
[EventRounds "5"]
[EventCountry "ITA"]
[SourceTitle "EXT 2022"]
[Source "ChessBase"]
[SourceDate "2021.10.06"]
[SourceVersion "1"]
[SourceVersionDate "2021.10.06"]
[SourceQuality "1"]

1. Nf3 Nf6 2. d4 d5 3. Bf4 e6 4. e3 Be7 5. Nbd2 c5 6. c3 Nbd7 7. Ne5 c4 8. Be2 Bd6 9. g4 h6 10. h4 Qc7 11. Ndf3 Ne4 12. Qc2 b5 13. a3 a5 14. Rh2 Bb7 15. 0-0-0 0-0-0 16. Rdh1 g6 17. Kb1 Rh7 18. Rc1 Nb8 19. a4 Qb6 20. Ka2 Rg8 21. g5 h5 22. Bd1 Nc6 23. Nd2 Nxd2 24. Qxd2 Nxe5 25. Bxe5 Bxe5 26. dxe5 Bc6 27. axb5 Qxb5 28. Qd4 Kb7 29. b3 cxb3+ 30. Bxb3 Ra8 31. Rb1 Kc7 32. Bc2 Qe2 33. Qb6+ Kd7 34. Rb2 Qa6 35. Qb3 Rhh8 36. Qa3 Rhd8 37. Rh1 Qc4+ 38. Ka1 Bb5 39. Rhb1 Rdb8 40. Ba4 Qxa4 41. Qxa4 Bxa4 42. Rxb8 Rxb8 43. Rxb8 Bd1 44. Rb7+ Ke8 45. Kb2 a4 46. Ka3 Bb3 47. Ra7 Bc2 48. Kb4 Bb3 49. Kc5 Kf8 50. Kd6 Bc2 51. Ra8+ Kg7 52. Ke7 Bb3 53. Ra7 Bc2 54. Ke8 Bb3 55. Rxf7+ Kg8 56. Ra7 Bc2 57. Ke7 Bf5 58. Rxa4 Kh7 59. Kf6 Kg8 60. Ra8+ Kh7 61. Ra7+ Kg8 62. Rc7 Kh8 63. f3 Kg8 64. Rf7 Kh8 65. Rg7 Bg4 66. fxg4 hxg4 67. Rxg6 g3 68. Kf7 1-0

[Event "Chioggia op-B 05th"]
[Site "Chioggia"]
[Date "2010.10.09"]
[Round "3"]
[White "Bonan, Yves"]
[Black "Aprile, Martino"]
[Result "1-0"]
[WhiteElo "1872"]
[BlackElo "1858"]
[PlyCount "205"]
[EventDate "2010.10.08"]
[EventType "swiss"]
[EventRounds "5"]
[EventCountry "ITA"]
[SourceTitle "EXT 2022"]
[Source "ChessBase"]
[SourceDate "2021.10.06"]
[SourceVersion "1"]
[SourceVersionDate "2021.10.06"]
[SourceQuality "1"]

1. Nf3 Nf6 2. g3 d5 3. Bg2 Bg4 4. 0-0 c6 5. Ne5 Nbd7 6. Nxg4 Nxg4 7. e4 Ngf6 8. exd5 Nxd5 9. c4 N5f6 10. d4 e6 11. d5 cxd5 12. cxd5 exd5 13. Re1+ Be7 14. Qe2 Rc8 15. Bg5 h6 16. Bxf6 Nxf6 17. Nc3 Rc7 18. Nb5 Rd7 19. Bh3 Ne4 20. Bxd7+ Qxd7 21. f3 Nc5 22. Nxa7 Ne6 23. Qb5 Qxb5 24. Nxb5 0-0 25. Kg2 Rc8 26. Rac1 Ra8 27. a3 Bg5 28. f4 Bf6 29. Rc2 Re8 30. Rd1 Rd8 31. b3 g6 32. a4 d4 33. Rd3 b6 34. b4 Ra8 35. Ra2 Rc8 36. a5 bxa5 37. bxa5 Rb8 38. Nd6 Nc5 39. Rd1 Rd8 40. a6 Rxd6 41. a7 Rd8 42. a8Q Rxa8 43. Rxa8+ Kg7 44. Kf3 h5 45. h3 Ne6 46. g4 g5 47. f5 Nf4 48. Rh1 h4 49. Ra3 d3 50. Ke4 d2 51. Ke3 Bb2 52. Ra2 Bc1 53. Rxd2 Bxd2+ 54. Kxd2 Kf6 55. Ke3 Ke5 56. Kf2 Kf6 57. Kg1 Ke5 58. Kh2 Kf6 59. Re1 Nd5 60. Re4 Nf4 61. Re8 Nd5 62. Ra8 Nf4 63. Ra6+ Ke5 64. Rc6 Nd3 65. Rb6 Nf4 66. Ra6 Nd3 67. Rb6 Nf4 68. Rb8 Kf6 69. Re8 Nd5 70. Re2 Nf4 71. Re3 Nd5 72. Rb3 Nf4 73. Rc3 Nd5 74. Rb3 Nf4 75. Kg1 Ne2+ 76. Kf2 Nf4 77. Ra3 Ke5 78. Rb3 Kf6 79. Rf3 Ke5 80. Ke3 Nd5+ 81. Kd3 Nf4+ 82. Kc4 Ke4 83. Ra3 Ke5 84. Re3+ Kf6 85. Kc5 Ng2 86. Rb3 Nf4 87. Kd6 Ne2 88. Rd3 Nf4 89. Re3 Kg7 90. Kd7 Kf6 91. Ke8 Nd5 92. Rd3 Nf4 93. Rc3 Kg7 94. Rc7 Nxh3 95. Rxf7+ Kh6 96. Rf6+ Kh7 97. Ra6 Nf4 98. f6 h3 99. f7 h2 100. f8Q h1Q 101. Ra7+ Kg6 102. Rg7+ Kh6 103. Qh8# 1-0

[Event "Mogliano Veneto op-B 31st"]
[Site "Mogliano Veneto"]
[Date "2010.05.02"]
[Round "4"]
[White "Ballarin, Pietro"]
[Black "Aprile, Martino"]
[Result "1-0"]
[WhiteElo "1634"]
[BlackElo "1841"]
[PlyCount "69"]
[EventDate "2010.04.30"]
[EventType "swiss"]
[EventRounds "5"]
[EventCountry "ITA"]
[SourceTitle "EXT 2023"]
[Source "ChessBase"]
[SourceDate "2022.10.05"]
[SourceVersion "1"]
[SourceVersionDate "2022.10.05"]
[SourceQuality "1"]

1. e4 c5 2. Nf3 d6 3. d4 cxd4 4. Nxd4 Nf6 5. Nc3 g6 6. Be3 Bg7 7. f3 Nc6 8. Qd2 0-0 9. 0-0-0 Bd7 10. g4 a6 11. h4 b5 12. h5 Qa5 13. Kb1 Ne5 14. hxg6 fxg6 15. Bh6 Rac8 16. Bxg7 Kxg7 17. Qh6+ Kg8 18. g5 Nf7 19. Qh4 Nh5 20. Nd5 Qd8 21. Be2 e5 22. Nf6+ Kg7 23. Nxh5+ gxh5 24. Qxh5 Rh8 25. Nf5+ Bxf5 26. exf5 Qg8 27. Qg4 Rd8 28. Bd3 Kf8 29. g6 hxg6 30. fxg6 Nh6 31. Qg5 Nf7 32. Qf6 Rxh1 33. Rxh1 Qg7 34. Rh8+ Qxh8 35. Qxf7# 1-0

[Event "Mogliano Veneto op-B 31st"]
[Site "Mogliano Veneto"]
[Date "2010.04.30"]
[Round "1"]
[White "Aprile, Martino"]
[Black "Scian, Nicola"]
[Result "0-1"]
[WhiteElo "1841"]
[BlackElo "1689"]
[PlyCount "174"]
[EventDate "2010.04.30"]
[EventType "swiss"]
[EventRounds "5"]
[EventCountry "ITA"]
[SourceTitle "EXT 2023"]
[Source "ChessBase"]
[SourceDate "2022.10.05"]
[SourceVersion "1"]
[SourceVersionDate "2022.10.05"]
[SourceQuality "1"]

1. e4 e5 2. Nf3 Nc6 3. Bb5 a6 4. Ba4 Nf6 5. 0-0 Be7 6. Re1 b5 7. Bb3 d6 8. c3 0-0 9. h3 Nb8 10. d4 Nbd7 11. Nbd2 Bb7 12. Bc2 Re8 13. Nf1 Bf8 14. Ng3 g6 15. Bg5 h6 16. Be3 exd4 17. Bxd4 c5 18. Bxf6 Qxf6 19. Qd2 Nb6 20. Bb3 Rad8 21. Bd5 Nxd5 22. exd5 Bc8 23. Ne4 Qg7 24. Re2 f5 25. Ng3 Rxe2 26. Nxe2 Re8 27. Re1 Qf7 28. b3 Bg7 29. c4 b4 30. Kf1 Bd7 31. Qf4 Qf6 32. Qd2 a5 33. Rb1 g5 34. Ng3 Qg6 35. Qc2 Kf7 36. Nd2 Be5 37. Re1 Bc3 38. Rxe8 Kxe8 39. Nb1 Be5 40. Nd2 Kf7 41. Ke2 Bf4 42. Nf3 h5 43. Kf1 Bxg3 44. fxg3 Qf6 45. Kf2 g4 46. hxg4 fxg4 47. Qh7+ Ke8 48. Qg8+ Ke7 49. Qh7+ Kd8 50. Qxh5 gxf3 51. Qxf3 Qd4+ 52. Qe3 Qb2+ 53. Qe2 Qxe2+ 54. Kxe2 Bf5 55. Kd2 Ke7 56. Kc1 Kf6 57. Kb2 Kg5 58. Ka1 Kg4 59. Kb2 Kxg3 60. a4 Kxg2 61. Kc1 Kf2 62. Kd2 Bb1 63. Kc1 Ba2 64. Kb2 Bxb3 65. Kxb3 Ke3 66. Kb2 Kd2 67. Kb3 Kd3 68. Kb2 Kxc4 69. Kc2 b3+ 70. Kb2 Kb4 71. Ka1 Ka3 72. Kb1 b2 73. Kc2 Ka2 74. Kc3 b1Q 75. Kd2 Qb3 76. Ke2 Kb2 77. Kf2 Qd3 78. Kg2 Qe3 79. Kh2 Qf3 80. Kg1 Qe2 81. Kh1 Kb3 82. Kg1 Kxa4 83. Kh1 Kb4 84. Kg1 a4 85. Kh1 a3 86. Kg1 a2 87. Kh1 a1R# 0-1